Adventure in the sun ; an informal account of the communal settlements of Palestine.

Bibliographic Details
Main Author: Pearlman, Maurice
Format: Book
Language:English
Published: London : V. Gollancz, 1947.
Subjects:

MARC

Tag First Indicator Second Indicator Subfields
LEADER 00000cam a2200000 4500
001 in00000054238
005 20151008051438.0
008 750518s1947 enk 00000 eng u
010 |a  48013558  
035 |a (OCoLC)01457788 
035 |9 AAG7931AM 
040 |c MYG  |d TXA  |d UtOrBLW 
049 |a TXAM  |c [160230] 
050 0 0 |a HX765.P3  |b P42 1947 
082 0 |a 334.683 
092 |a 334.683  |b P359a, 1947 
100 1 |a Pearlman, Maurice. 
245 1 0 |a Adventure in the sun ;  |b an informal account of the communal settlements of Palestine. 
264 1 |a London :  |b V. Gollancz,  |c 1947. 
300 |a 177 pages ;  |c 20 cm. 
336 |a text  |b txt  |2 rdacontent 
337 |a unmediated  |b n  |2 rdamedia 
338 |a volume  |b nc  |2 rdacarrier 
500 |a Based on the author's Collective adventure, completely rewritten and brought up to date. 
650 0 |a Collective settlements. 
650 0 |a Jews  |z Palestine. 
650 0 |a Agricultural colonies  |z Palestine. 
700 1 |a Pearlman, Maurice.  |t Collective adventure. 
999 |a MARS 
999 f f |s 99bc22de-711c-35a2-ac27-ee39a9a2d34e  |i e9546f0d-e26e-335a-bdb6-9ca25527adb6  |t 0 
952 f f |p ric  |a Texas A&M University  |b Rellis Campus  |c Joint Library Facility  |d Remote Storage  |t 0  |e HX765.P3 P42 1947  |h Library of Congress classification  |i unmediated -- volume  |m A14800743053 
998 f f |a HX765.P3 P42 1947  |t 0  |l Remote Storage